| 000 | 00585nam a22001937a 4500 | ||
|---|---|---|---|
| 003 | KOHA_MİRAKIL | ||
| 005 | 20251218094329.0 | ||
| 008 | 251218b tu ||||| |||| 00| 0 tur d | ||
| 020 | _a9786055826420 | ||
| 040 |
_aTR-AnABB _btur _cTR-AnABB |
||
| 041 | _atur | ||
| 082 |
_a759.9561 _bKAR 2024 |
||
| 100 | 1 | _aKaraaslan, Muzaffer, | |
| 245 | 1 | 0 |
_aİzmir’den dünyaya açılan bir sanatçı Ayetullah Sumer / _cMuzaffer Karaaslan |
| 260 |
_aİzmir : _bİzmir Kalkınma Ajansı Kültür, _c2024 |
||
| 300 |
_a223 sayfa ; _c33 cm |
||
| 650 | 0 | 4 | _aBiyografi |
| 942 |
_2ddc _cBK |
||
| 999 |
_c9750 _d9750 |
||
| 900 | _bGizem YORULMAZ | ||